000 00517nam a2200181Ia 4500
999 _c29255
_d29255
003 OSt
005 20210108160147.0
008 190216s9999||||xx |||||||||||||| ||und||
020 _a8171304982
040 _coclc
082 _a894.812301
_bBAS/O
100 _aBasheer, Vaikom Muhammad
_97034
245 0 _aOrmakkurippu /
_cVaikom Muhammad Basheer
260 _bDc Books,
_aKottayam:
_c2006.
300 _a79p
650 _aKathakal
942 _cBK
_2ddc
_h894.812301
_iBAS/O
_k894.812301
_mBAS/O